000 00590 a2200193 4500
005 20240509130204.0
010 _aB-758878
020 _a9788120914650
_c0.00
035 _aB-758878
037 _bGift/Unesco
082 _a900
100 _aPruthi, Surinder P S
_966030
245 _aReflections Events, People Policies & Practices /
_c Surinder P S Pruthi
260 _aNew Delhi
_bPitambar Publishing
_c2008
270 _aNew Delhi
300 _axi, 260 p.;
_c23cm (Hb)
942 _adpl
_cEN
_2ddc
_h900
_mPRU
999 _c202774
_d202774